| 000 | 00000nam##2200000za#4500 |
| 001 | 9.692768 |
| 003 | CaOODSP |
| 005 | 20210624233348 |
| 007 | cr ||||||||||| |
| 008 | 150407|2009||||xxc|||||o f|0| 0 eng|d |
| 020 | |a978-1-100-13307-2 |
| 040 | |aCaOODSP|beng |
| 043 | |an-cn--- |
| 086 | 1 |aM144-120/1-2007E-PDF |
| 110 | 1 |aCanada.|bNatural Resources Canada. |bOffice of Energy Efficiency. |
| 245 | 10|aSurvey of Household Energy Use 2007 |h[electronic resource] |
| 260 | |aOttawa - Ontario : |bNatural Resources Canada. |cc2009. |
| 300 | |a2p.|bfig., graphs |
| 590 | |a14-19-Supp|b2014-11-03 |
| 690 | 07|aEnergy use|2gcpds |
| 775 | 08|tEnquête sur l'utilisation de l'énergie par les ménages 2007 |w(CaOODSP)9.636979 |
| 856 | 40|ahttp://publications.gc.ca|qPDF|s756 KB|uhttps://publications.gc.ca/collections/collection_2014/rncan-nrcan/M144-120-1-2007-eng.pdf |